000 00499nam a2200145 4500
999 _c11011
_d11011
008 181004b ||||| |||| 00| 0 eng d
022 _a2094-8042
082 _aDPer 370.105 M72 Jan-Dec 2011 v59-60
100 _931952
_aCanonizado, Isagani Costales
245 _aHow to become a good parent/
_cIsagani Costales Canonizado.
260 _aPhilippines:
_bIn the Grade School, Inc.,
_cc2011.
300 _av60 n7, page 275:
_billustrations;
_c27cm.
650 0 _931953
_aParenting.
942 _2ddc
_cPER